000 00810nam a2200229 a 4500
003 OSt
005 20240220114737.0
008
040 _cNUST
_aNUST
_beng
_dNUST
_erda
050 _aHF5387 BUS
245 1 0 _aBusiness ethics :
_breadings book for BUS 300 /
_cedited by Robert G. Kennedy and Gary Atkinson ; with a preface by Kenneth G. Goodpaster.
260 _aMinnesota :
_bUniversity of St. Thomas,
_c©1986
300 _aviii, 153 pages. :
_billustrations
_c28 cm.
336 _2rdacontent
_atext
_btxt
337 _2rdamedia
_aunmediated
_bn
338 _2rdacarrier
_avolume
_bnc
650 1 _aBusiness ethics
_xStudy and teaching.
700 _aAtkinson, Gary.
700 _aKennedy, Robert G.
907 _a.
942 _cBOOKS
_kHF
_2lcc
_hHF5387
_mBUS
_n0
999 _c147769
_d147769